| 000 | 00754nam a2200181Ia 4500 | ||
|---|---|---|---|
| 001 | 7837 | ||
| 003 | GE_BSU | ||
| 008 | 181216s||||||||xx |||||||||||||| ||und|| | ||
| 040 | _cGE_BSU | ||
| 245 | _aადვოკატი მეოხი. №1-2. 2012 | ||
| 245 | _bსაქართველოს სამოქალაქო კოდექსი.საქართველოს სამოქალაქო საპროცესო კოდექსი | ||
| 245 | _cმთ.რედ.თემურ გოქსაძე | ||
| 260 | _c2012 | ||
| 300 | _a294გვ. | ||
| 653 | _aადვოკატი მეოხი | ||
| 653 | _aსაქართველოს სამოქალაქო კოდექსი | ||
| 942 | _cCR | ||
| 999 |
_c41186 _d41186 |
||